[Event "GER-ch Net blitz qual4"]
[Site "Playchess.com INT"]
[Date "2021.05.10"]
[Round "10"]
[White "Daeuber, Andreas"]
[Black "Kriminski, Christoph"]
[Result "0-1"]
[WhiteElo "1676"]
[BlackElo "1640"]
[PlyCount "48"]
[EventDate "2021.05.10"]
[EventType "swiss (blitz)"]
[EventRounds "11"]
[EventCountry "GER"]
[SourceTitle "CBM 202 Extra"]
[Source "ChessBase"]
[SourceDate "2021.07.31"]
[SourceVersion "1"]
[SourceVersionDate "2021.07.31"]
[SourceQuality "1"]

1. d4 Nf6 2. c4 Nc6 3. Nc3 e5 4. d5 Ne7 5. e4 Ng6 6. Bd3 Bb4 7. Nge2 d6 8. 0-0 0-0 9. f4 exf4 10. Nxf4 Nxf4 11. Bxf4 Bg4 12. Be2 Bxe2 13. Qxe2 Qe7 14. Bg5 Bxc3 15. bxc3 Qxe4 16. Qxe4 Nxe4 17. Be3 Nxc3 18. Bd4 Ne4 19. Rae1 f5 20. Rf4 Rae8 21. Bxa7 b6 22. Bxb6 cxb6 23. Rb1 Rb8 24. g3 g5 0-1

[Event "GER-ch Net blitz qual4"]
[Site "Playchess.com INT"]
[Date "2021.05.10"]
[Round "2"]
[White "Kriminski, Christoph"]
[Black "Foerster, Erik"]
[Result "0-1"]
[WhiteElo "1640"]
[BlackElo "2163"]
[PlyCount "80"]
[EventDate "2021.05.10"]
[EventType "swiss (blitz)"]
[EventRounds "11"]
[EventCountry "GER"]
[SourceTitle "CBM 202 Extra"]
[Source "ChessBase"]
[SourceDate "2021.07.31"]
[SourceVersion "1"]
[SourceVersionDate "2021.07.31"]
[SourceQuality "1"]

1. e4 d5 2. Nc3 dxe4 3. Nxe4 Bd7 4. Nf3 Bc6 5. d3 Nd7 6. Be2 Ngf6 7. 0-0 Nxe4 8. dxe4 Bxe4 9. Bc4 e6 10. Re1 Bc6 11. Bf4 Be7 12. Qe2 0-0 13. Rad1 Qc8 14. Ne5 Nxe5 15. Bxe5 Rd8 16. Qg4 Bf8 17. Bd3 Rd5 18. Qe4 g6 19. Qf4 Bg7 20. Bxc7 Bxb2 21. h4 Qf8 22. Bc4 Rf5 23. Qg4 Qc5 24. Bg3 Bg7 25. Bb3 Bd5 26. Bxd5 Rxd5 27. Rxd5 Qxd5 28. a4 Rd8 29. Kh2 h5 30. Qe2 Qd2 31. Qe4 Rd4 32. Qe2 Qxe2 33. Rxe2 Rxa4 34. Rd2 Rd4 35. Re2 a5 36. c3 Rc4 37. Rd2 Bxc3 38. Rd8+ Kg7 39. Rb8 Rb4 40. f4 a4 0-1

[Event "GER-ch Net blitz qual4"]
[Site "Playchess.com INT"]
[Date "2021.05.10"]
[Round "7"]
[White "Kriminski, Christoph"]
[Black "Klueners, Juergen"]
[Result "0-1"]
[WhiteElo "1640"]
[BlackElo "1502"]
[PlyCount "78"]
[EventDate "2021.05.10"]
[EventType "swiss (blitz)"]
[EventRounds "11"]
[EventCountry "GER"]
[SourceTitle "CBM 202 Extra"]
[Source "ChessBase"]
[SourceDate "2021.07.31"]
[SourceVersion "1"]
[SourceVersionDate "2021.07.31"]
[SourceQuality "1"]

1. e4 e5 2. Bc4 Nf6 3. d3 Be7 4. f4 Nc6 5. Nf3 d6 6. 0-0 0-0 7. fxe5 Nxe5 8. Nxe5 dxe5 9. Nc3 c6 10. Bg5 b5 11. Bb3 a5 12. a3 Bg4 13. Qe1 Bh5 14. Qh4 Bg6 15. Rf2 Bc5 16. Raf1 Qd6 17. Kh1 Bxf2 18. Rxf2 b4 19. axb4 axb4 20. Na4 Ra7 21. h3 Nh5 22. g4 Nf4 23. Qg3 Qd4 24. Bxf4 exf4 25. Qxf4 Rfa8 26. h4 h5 27. gxh5 Bxh5 28. Qf5 Bg6 29. Qc5 Qxc5 30. Nxc5 Ra1+ 31. Kg2 Rb1 32. Nd7 Rxb2 33. Ne5 Bh5 34. Bxf7+ Bxf7 35. Nxf7 Rf8 36. Ne5 Rxf2+ 37. Kxf2 Rxc2+ 38. Ke3 b3 39. Nxc6 Rxc6 0-1

[Event "GER-ch Net blitz qual3"]
[Site "Playchess.com INT"]
[Date "2021.05.07"]
[Round "6"]
[White "Erler, Rainer"]
[Black "Kriminski, Christoph"]
[Result "1-0"]
[WhiteElo "1778"]
[BlackElo "1620"]
[PlyCount "61"]
[EventDate "2021.05.07"]
[EventType "swiss (blitz)"]
[EventRounds "11"]
[EventCountry "GER"]
[SourceTitle "CBM 202 Extra"]
[Source "ChessBase"]
[SourceDate "2021.07.31"]
[SourceVersion "1"]
[SourceVersionDate "2021.07.31"]
[SourceQuality "1"]

1. e4 Nc6 2. d4 d5 3. Nc3 dxe4 4. d5 Ne5 5. Qd4 Ng6 6. Nxe4 Nf6 7. Nxf6+ exf6 8. Nf3 Bd6 9. Be2 0-0 10. 0-0 Bd7 11. c4 Ne5 12. c5 Nxf3+ 13. Bxf3 Be7 14. d6 Bb5 15. Rd1 cxd6 16. cxd6 Re8 17. dxe7 Qxe7 18. Be3 Rad8 19. Qc5 Rxd1+ 20. Rxd1 Qxc5 21. Bxc5 b6 22. Be3 h6 23. b3 Rc8 24. a4 Ba6 25. Rc1 Rd8 26. g3 g5 27. h4 Kg7 28. Kg2 Kg6 29. Rd1 Rc8 30. h5+ Kg7 31. Rd7 1-0

[Event "GER-ch Net blitz qual3"]
[Site "Playchess.com INT"]
[Date "2021.05.07"]
[Round "3"]
[White "Kriminski, Christoph"]
[Black "Bassenhoff, Aljoscha"]
[Result "1-0"]
[WhiteElo "1620"]
[BlackElo "1830"]
[PlyCount "29"]
[EventDate "2021.05.07"]
[EventType "swiss (blitz)"]
[EventRounds "11"]
[EventCountry "GER"]
[SourceTitle "CBM 202 Extra"]
[Source "ChessBase"]
[SourceDate "2021.07.31"]
[SourceVersion "1"]
[SourceVersionDate "2021.07.31"]
[SourceQuality "1"]

1. e4 c5 2. a3 e6 3. b4 cxb4 4. axb4 Bxb4 5. c3 Be7 6. d4 Nf6 7. Bd3 0-0 8. Nf3 Nc6 9. Qc2 a6 10. e5 Nd5 11. Bxh7+ Kh8 12. Be4 d6 13. Qe2 dxe5 14. Nxe5 Nxe5 15. Qh5+ 1-0

[Event "GER-ch Net blitz qual3"]
[Site "Playchess.com INT"]
[Date "2021.05.07"]
[Round "8"]
[White "Minotas, Fotios"]
[Black "Kriminski, Christoph"]
[Result "1-0"]
[WhiteElo "1409"]
[BlackElo "1620"]
[PlyCount "55"]
[EventDate "2021.05.07"]
[EventType "swiss (blitz)"]
[EventRounds "11"]
[EventCountry "GER"]
[SourceTitle "CBM 202 Extra"]
[Source "ChessBase"]
[SourceDate "2021.07.31"]
[SourceVersion "1"]
[SourceVersionDate "2021.07.31"]
[SourceQuality "1"]

1. e4 Nc6 2. d4 d5 3. exd5 Qxd5 4. c3 Nf6 5. Nf3 Bg4 6. Be2 0-0-0 7. h3 Bh5 8. Be3 Bg6 9. Nbd2 e5 10. Bc4 Qd6 11. dxe5 Nxe5 12. Nxe5 Qxe5 13. Qb3 Bc5 14. Nf3 Qe7 15. Nd4 Bxd4 16. cxd4 Rxd4 17. 0-0 Rdd8 18. Rfe1 Qd7 19. Rad1 Qc6 20. Bxf7 Rxd1 21. Rxd1 Bxf7 22. Qxf7 Rg8 23. Bg5 Rd8 24. Rxd8+ Kxd8 25. Qxg7 Qd5 26. Bxf6+ Kc8 27. Qf8+ Kd7 28. Qd8+ 1-0